Smart 100 stories : (Record no. 3888)

MARC details
000 -LEADER
fixed length control field 02092nam a22003377a 4500
001 - CONTROL NUMBER
control field 3888
003 - CONTROL NUMBER IDENTIFIER
control field FISKH
005 - DATE AND TIME OF LATEST TRANSACTION
control field 20240521144713.0
008 - FIXED-LENGTH DATA ELEMENTS--GENERAL INFORMATION
fixed length control field 240521b cb ||||| |||| 00| 0 eng d
020 ## - INTERNATIONAL STANDARD BOOK NUMBER
International Standard Book Number 9789996327117
040 ## - CATALOGING SOURCE
Original cataloging agency FISKH
Language of cataloging Khr
Transcribing agency FISKH
Modifying agency FISKH
050 ## - LIBRARY OF CONGRESS CALL NUMBER
Classification number PZ7
082 ## - DEWEY DECIMAL CLASSIFICATION NUMBER
Classification number 649.15
100 ## - MAIN ENTRY--PERSONAL NAME
Personal name Tongeang, Sarn
245 ## - TITLE STATEMENT
Title Smart 100 stories :
Remainder of title The stories that makes you smarter /
260 ## - PUBLICATION, DISTRIBUTION, ETC.
Place of publication, distribution, etc. Phnom Penh ;
Name of publisher, distributor, etc. You Can,
Date of publication, distribution, etc. Undated.
300 ## - PHYSICAL DESCRIPTION
Extent 106 pages :
Other physical details color illustrations ;
Dimensions 30 cm
490 ## - SERIES STATEMENT
Series statement រឿងនិទានភាសាខ្មែរ-អង់គ្លេស សម្រាប់អ្នកសិក្សាគ្រប់កម្រិត
500 ## - GENERAL NOTE
General note Read, fun and smart
520 ## - SUMMARY, ETC.
Summary, etc. សៀវភៅ Smart 100 Stories ជាសៀវភៅរឿងនិទានខ្លីប្រមូលផ្ដុំដោយអត្ថបទរឿងល្អៗ ជាភាសាខ្មែរនិងអង់គ្លេសដែលត្រូវបាននិពន្ធចងក្រងឡើងដើម្បីចូលរួមចំណែកអភិវអ្ឍចំណេះដឹង និងជំនាញនៃការអានរបស់មិត្តអ្នកសិក្សាទាំងអស់គ្នា ទាំងក្នុងភាសាអង់គ្លេសនិងក្នុងភាសាជាតិយើង។
520 ## - SUMMARY, ETC.
Summary, etc. Smart 100 Stories is a book of short stories with a collection of good stories in Khmer and English, written to contribute to the development of reading knowledge and skills of all students in both English and English. In our national language.
650 ## - SUBJECT ADDED ENTRY--TOPICAL TERM
Topical term or geographic name entry element រឿងនិទានកុមារឆ្លាត
650 ## - SUBJECT ADDED ENTRY--TOPICAL TERM
Topical term or geographic name entry element Smart Kid Stories រឿងនិទានកុមារឆ្លាត
700 ## - ADDED ENTRY--PERSONAL NAME
Personal name Samourn, Ouk
Relator term Author
700 ## - ADDED ENTRY--PERSONAL NAME
Personal name Sokheang, Long
Relator term Author
700 ## - ADDED ENTRY--PERSONAL NAME
Personal name Meng, Mouern
Relator term Author
700 ## - ADDED ENTRY--PERSONAL NAME
Personal name Tola, Morm
Relator term Illustrator
700 ## - ADDED ENTRY--PERSONAL NAME
Personal name Bunroeurn, Bou
Relator term Illustrator
942 ## - ADDED ENTRY ELEMENTS (KOHA)
Source of classification or shelving scheme Dewey Decimal Classification
Koha item type Books
Suppress in OPAC No
Holdings
Withdrawn status Lost status Source of classification or shelving scheme Damaged status Not for loan Collection Home library Current library Shelving location Date acquired Total Checkouts Full call number Barcode Date last seen Price effective from Koha item type
    Dewey Decimal Classification     Reference Footprints International School Library Network Toul Kork Campus Footprints International School Library Network Toul Kork Campus   05/21/2024   TON 649.15 PZ7 2024-0666 05/21/2024 05/21/2024 Books